[Event "ChessOrg Schachfestival  2015"]
[Site "Bad Wörishofen"]
[Date "2015.03.06"]
[Round "9.18"]
[White "Chkhaidze, Nikoloz"]
[Black "Stein, Marco"]
[Result "1-0"]
[WhiteElo "2212"]
[BlackElo "2102"]
[Annotator "chessorg"]
[PlyCount "75"]
[EventDate "2015.??.??"]
[BlackTeam "SK Marktoberdorf"]

1. Nf3 c5 2. c4 Nc6 3. Nc3 g6 4. e3 Nf6 5. d4 cxd4 6. exd4 d5 7. cxd5 Nxd5 8.
Qb3 e6 9. Bg5 Be7 10. h4 h6 11. Bd2 a6 12. Rc1 Bf6 13. Ne4 Bg7 14. Qa3 Bf8 15.
Qa4 Nb6 16. Qb3 Bg7 17. Rxc6 bxc6 18. Bb4 Qd5 19. Nd6+ Kd7 20. Nxf7 Qxb3 21.
axb3 Rg8 22. N7e5+ Kc7 23. Ba5 Kb7 24. Bd3 Nd7 25. Nxg6 Nf6 26. O-O Bd7 27.
Nfe5 Rae8 28. Rc1 Bf8 29. Bd2 Bg7 30. Nxd7 Nxd7 31. Be4 Nb8 32. Ne5 Rc8 33. Nf7
Kb6 34. Be3 Ka5 35. Rc5+ Kb4 36. Bc2 Bxd4 37. Bxd4 Rg4 38. Rc4+ 1-0

[Event "ChessOrg Schachfestival  2015"]
[Site "Bad Wörishofen"]
[Date "2015.03.06"]
[Round "9.20"]
[White "Schatz, Christian"]
[Black "Schoenberger, Peter"]
[Result "1/2-1/2"]
[WhiteElo "2178"]
[BlackElo "2097"]
[Annotator "chessorg"]
[PlyCount "31"]
[EventDate "2015.??.??"]
[WhiteTeam "TSV 1869 e. V. Rottendorf"]
[BlackTeam "Caissa Schwarmstedt"]

1. Nf3 Nf6 2. g3 g6 3. b3 Bg7 4. Bb2 O-O 5. Bg2 d6 6. d4 Nc6 7. Nbd2 Qe8 8. O-O
e5 9. dxe5 Ng4 10. Nc4 Ngxe5 11. Nfxe5 Nxe5 12. Nxe5 Bxe5 13. Bxe5 Qxe5 14. Qd2
Qe7 15. Rad1 Re8 16. c4 1/2-1/2

[Event "ChessOrg Schachfestival  2015"]
[Site "Bad Wörishofen"]
[Date "2015.03.06"]
[Round "9.22"]
[White "Calzetta, Monica"]
[Black "Reichel, Jonathan"]
[Result "1-0"]
[WhiteElo "2212"]
[BlackElo "1972"]
[Annotator "chessorg"]
[PlyCount "63"]
[EventDate "2015.??.??"]
[WhiteTeam "SK Doppelbauer Kiel"]
[BlackTeam "SF Dornstetten-Pfalzgrafenweiler e.V."]

1. e4 c5 2. Nf3 Nc6 3. d4 cxd4 4. Nxd4 e5 5. Nb5 d6 6. Bc4 Nf6 7. Bg5 a6 8.
Bxf6 gxf6 9. Qh5 Qa5+ 10. N5c3 Nd8 11. O-O Bg7 12. Nd5 Qc5 13. Nd2 b5 14. b4
Qa7 15. Bb3 Ne6 16. a4 O-O 17. axb5 Qd4 18. Nf3 Qxe4 19. Ne7+ Kh8 20. Bd5 Qxb4
21. Bxa8 Nf4 22. Qh4 Bg4 23. Nd5 Ne2+ 24. Kh1 Qe4 25. Nxf6 Qg6 26. Qxg4 Qxf6
27. Rxa6 Rg8 28. Be4 Bh6 29. Qf5 Qg7 30. g3 Nc3 31. Rxd6 f6 32. Rd7 1-0

[Event "ChessOrg Schachfestival  2015"]
[Site "Bad Wörishofen"]
[Date "2015.03.06"]
[Round "9.30"]
[White "Ballon, Guenther Jan"]
[Black "Remensberger, Hansuli"]
[Result "1-0"]
[WhiteElo "2105"]
[BlackElo "2026"]
[Annotator "chessorg"]
[PlyCount "71"]
[EventDate "2015.??.??"]
[WhiteTeam "Caissa Amsterdam"]
[BlackTeam "Chessflyers Kloten"]

1. d4 e6 2. c4 Bb4+ 3. Bd2 a5 4. Nf3 Nf6 5. a3 Bxd2+ 6. Nbxd2 d6 7. e4 e5 8. d5
a4 9. Bd3 Nbd7 10. b4 axb3 11. Nxb3 b6 12. O-O O-O 13. Nfd2 Re8 14. a4 Nf8 15.
a5 Ng6 16. g3 h5 17. Qe2 h4 18. axb6 Rxa1 19. Rxa1 cxb6 20. Nf1 Bg4 21. f3 Bc8
22. Ne3 hxg3 23. hxg3 Nh5 24. Qh2 Nhf4 25. gxf4 Nxf4 26. Bf1 Qg5+ 27. Kf2 g6
28. Qg3 Qd8 29. Nc1 Nh5 30. Qh2 Kg7 31. Nd3 Rh8 32. Ke1 Qf6 33. Qf2 Bh3 34.
Bxh3 Nf4 35. Bf1 Rh1 36. Kd2 1-0

[Event "ChessOrg Schachfestival  2015"]
[Site "Bad Wörishofen"]
[Date "2015.03.06"]
[Round "9.33"]
[White "Mattes, Heinz"]
[Black "Mueller, Werner"]
[Result "0-1"]
[WhiteElo "1997"]
[BlackElo "2191"]
[Annotator "chessorg"]
[PlyCount "66"]
[EventDate "2015.??.??"]
[WhiteTeam "SK Siemens Muenchen"]
[BlackTeam "SK 1908 Goeggingen"]

1. d4 Nf6 2. Nf3 g6 3. g3 Bg7 4. Bg2 d6 5. O-O O-O 6. a4 a5 7. Nbd2 c6 8. c3
Bf5 9. Qb3 Qc8 10. Re1 Be6 11. Qd1 Bh3 12. Bh1 h6 13. e4 Nbd7 14. e5 dxe5 15.
dxe5 Ng4 16. e6 fxe6 17. Rxe6 Nde5 18. Rxe7 Bf6 19. Qb3+ Kh8 20. Qxb7 Bxe7 21.
Qxe7 Rf5 22. b3 Qd8 23. Ba3 Qd3 24. Nxe5 Rxe5 25. Qd6 Qe2 26. Bc5 Qe1+ 27. Nf1
Qxa1 28. Bg2 Bxg2 29. Kxg2 Rxc5 30. Qxc5 Qd1 31. h3 Nf6 32. Qe7 Qd8 33. Qf7
Qd5+ 0-1

[Event "ChessOrg Schachfestival  2015"]
[Site "Bad Wörishofen"]
[Date "2015.03.06"]
[Round "9.39"]
[White "Hoeller, Armin"]
[Black "Gerhards, Walter"]
[Result "1-0"]
[WhiteElo "2046"]
[BlackElo "1939"]
[Annotator "chessorg"]
[PlyCount "59"]
[EventDate "2015.??.??"]
[WhiteTeam "SK Weilheim"]
[BlackTeam "Ratinger Schachklub 1950"]

1. e4 e5 2. Nf3 Nc6 3. d4 exd4 4. Nxd4 Bc5 5. Nb3 Bb4+ 6. c3 Be7 7. Bb5 d6 8.
O-O Bd7 9. f4 Nf6 10. N1d2 O-O 11. Bd3 Ng4 12. Nf3 Qc8 13. h3 Nf6 14. Nbd4 d5
15. e5 Ne4 16. Qe1 Nc5 17. Bc2 Ne6 18. f5 Nexd4 19. Nxd4 Bc5 20. f6 g6 21. Qh4
Re8 22. b4 Bf8 23. Bh6 Rxe5 24. Bf4 Rh5 25. Qg3 Nxd4 26. cxd4 Bxb4 27. Bxc7
Bxh3 28. Bd1 Bg4 29. Bxg4 Rg5 30. Bxc8 1-0

[Event "ChessOrg Schachfestival  2015"]
[Site "Bad Wörishofen"]
[Date "2015.03.06"]
[Round "9.41"]
[White "Urban, Rudolf"]
[Black "Knoll, Georg"]
[Result "1-0"]
[WhiteElo "1874"]
[BlackElo "2029"]
[Annotator "chessorg"]
[PlyCount "53"]
[EventDate "2015.??.??"]
[WhiteTeam "SC Roter Turm Altstadt"]
[BlackTeam "VfL Leipheim 1898"]

1. d4 g6 2. Nf3 Bg7 3. Nc3 c5 4. e4 cxd4 5. Nxd4 Nc6 6. Nxc6 bxc6 7. Bd2 Rb8 8.
Rb1 Qc7 9. Bd3 Nf6 10. O-O O-O 11. h3 Nh5 12. Qf3 e5 13. g4 Nf4 14. Ne2 Nxe2+
15. Qxe2 d5 16. f3 Be6 17. b3 Qd7 18. Kh2 Kh8 19. Rf2 f5 20. Rbf1 Rf7 21. Bc3
d4 22. Bd2 Bf8 23. exf5 e4 24. fxe4 gxf5 25. gxf5 Qc7+ 26. Bf4 Bd6 27. e5 1-0

[Event "ChessOrg Schachfestival  2015"]
[Site "Bad Wörishofen"]
[Date "2015.03.06"]
[Round "9.43"]
[White "Diotallevi, Maurizio"]
[Black "Herold, Gunther"]
[Result "1/2-1/2"]
[WhiteElo "2016"]
[BlackElo "1902"]
[Annotator "chessorg"]
[PlyCount "33"]
[EventDate "2015.??.??"]
[WhiteTeam "Castelfidardo"]
[BlackTeam "SK Oberguenzburg"]

1. Nf3 Nf6 2. c4 g6 3. Nc3 Bg7 4. e4 d6 5. d4 O-O 6. Be2 c5 7. O-O cxd4 8. Nxd4
Nc6 9. Be3 Nxd4 10. Bxd4 Bd7 11. Qd2 Qa5 12. Rfd1 Bc6 13. f3 Nd7 14. Bxg7 Kxg7
15. Qd4+ Kg8 16. a3 b6 17. b4 1/2-1/2

[Event "ChessOrg Schachfestival  2015"]
[Site "Bad Wörishofen"]
[Date "2015.03.06"]
[Round "9.47"]
[White "Bauder, Herbert"]
[Black "Walz, Robert"]
[Result "1-0"]
[WhiteElo "1952"]
[BlackElo "2061"]
[Annotator "chessorg"]
[PlyCount "53"]
[EventDate "2015.??.??"]
[WhiteTeam "SG Lasker Steglitz-Wilmersdorf"]
[BlackTeam "SF Bad Groenenbach 1977 e.V."]

1. d4 d5 2. Nf3 Nf6 3. c4 dxc4 4. Nc3 e6 5. Bg5 h6 6. Bh4 c6 7. a4 Bb4 8. Qc2
b5 9. Bxf6 Qxf6 10. axb5 cxb5 11. Qe4 Bd7 12. Qxa8 O-O 13. Qxa7 Qf5 14. Rc1 Bc6
15. Ne5 Bd5 16. e3 f6 17. Nf3 e5 18. Be2 Nc6 19. Qa6 exd4 20. exd4 Re8 21. Kf1
Nxd4 22. Nxd5 Nxe2 23. Rd1 Qc2 24. Qa1 Ba5 25. Ne3 Rxe3 26. fxe3 Bb6 27. Rd2
1-0

[Event "ChessOrg Schachfestival  2015"]
[Site "Bad Wörishofen"]
[Date "2015.03.06"]
[Round "9.51"]
[White "Sikkel, Dirk"]
[Black "Lochte, Szilvia"]
[Result "0-1"]
[WhiteElo "2010"]
[BlackElo "1918"]
[Annotator "chessorg"]
[PlyCount "66"]
[EventDate "2015.??.??"]
[WhiteTeam "LSG"]
[BlackTeam "Gautinger SC"]

1. e4 c5 2. Nf3 e6 3. b3 Nc6 4. Bb2 d6 5. Bb5 a6 6. Bxc6+ bxc6 7. O-O e5 8. d3
Nf6 9. Nbd2 g6 10. Nc4 Bg7 11. Qd2 O-O 12. Rad1 Bg4 13. Qe3 h6 14. h3 Be6 15.
c3 Rb8 16. Ba1 Re8 17. Nfd2 Nh5 18. d4 Nf4 19. dxe5 Qg5 20. Qf3 Bxh3 21. g3
dxe5 22. Kh2 Bg4 23. Qh1 Bxd1 24. gxf4 Qxf4+ 25. Kg1 Bg4 26. Bb2 Qg5 27. Qg2
Qh5 28. Re1 Rbd8 29. f3 Bh3 30. Qg3 Bf6 31. Re2 Qg5 32. Qxg5 Bxg5 33. Ba3 Rd3
0-1

[Event "ChessOrg Schachfestival  2015"]
[Site "Bad Wörishofen"]
[Date "2015.03.06"]
[Round "9.52"]
[White "Flemming, Achim"]
[Black "Haugg, Gerhard"]
[Result "1-0"]
[WhiteElo "2008"]
[BlackElo "1860"]
[Annotator "chessorg"]
[PlyCount "43"]
[EventDate "2015.??.??"]
[WhiteTeam "SF Starnberger See e.V."]
[BlackTeam "Spgem Kötz/Ichenhausen"]

1. e4 e5 2. f4 exf4 3. Bc4 Be7 4. d4 Bh4+ 5. Kf1 Nf6 6. Nc3 d6 7. Bxf4 Ng4 8.
g3 Bg5 9. Qf3 O-O 10. h3 Bxf4 11. gxf4 Nf6 12. Nge2 c6 13. Bd3 Ne8 14. Rg1 Qh4
15. f5 f6 16. Nf4 Qh6 17. Bc4+ Kh8 18. Be6 Nc7 19. Bxc8 Rxc8 20. Rg4 Nd7 21.
Qg3 Rg8 22. Ng6+ 1-0

[Event "ChessOrg Schachfestival  2015"]
[Site "Bad Wörishofen"]
[Date "2015.03.06"]
[Round "9.54"]
[White "Klett, Thomas"]
[Black "Hamlack, Heinz"]
[Result "0-1"]
[WhiteElo "1881"]
[BlackElo "2003"]
[Annotator "chessorg"]
[PlyCount "110"]
[EventDate "2015.??.??"]
[WhiteTeam "SV Urach"]
[BlackTeam "Post-SV Memmingen e.V."]

1. c4 e5 2. g3 Nc6 3. Bg2 Nf6 4. Nc3 Bc5 5. e3 d6 6. Nge2 Bg4 7. h3 Bf5 8. e4
Be6 9. d3 O-O 10. a3 a6 11. Nd5 Ne8 12. b4 Bd4 13. Nxd4 Nxd4 14. Bb2 c6 15.
Bxd4 cxd5 16. cxd5 exd4 17. dxe6 fxe6 18. O-O Rc8 19. Rc1 Rxc1 20. Qxc1 Qc7 21.
f4 Qxc1 22. Rxc1 Rf7 23. Rc8 Kf8 24. e5 d5 25. Bf3 Rc7 26. Rxc7 Nxc7 27. a4 b5
28. Bd1 g6 29. Kf2 Kf7 30. g4 h6 31. h4 Ne8 32. Kg3 Ng7 33. axb5 axb5 34. Kh3
Ne8 35. Bf3 Nc7 36. Kg3 Na6 37. f5 gxf5 38. gxf5 Nxb4 39. Bh5+ Ke7 40. f6+ Kd7
41. Bg6 Nc6 42. Kf4 b4 43. Bh5 b3 44. Bd1 Nb4 45. Bxb3 Nxd3+ 46. Kg3 Nxe5 47.
Ba4+ Kd6 48. Be8 d3 49. Bh5 Nd7 50. f7 Ke7 51. Kf2 Nf6 52. Bg6 Ng4+ 53. Ke1 Ne5
54. h5 Nxg6 55. hxg6 e5 0-1

[Event "ChessOrg Schachfestival  2015"]
[Site "Bad Wörishofen"]
[Date "2015.03.06"]
[Round "9.55"]
[White "Jankowski, Moritz"]
[Black "Scharrer, Udo"]
[Result "1/2-1/2"]
[WhiteElo "1808"]
[BlackElo "1979"]
[Annotator "chessorg"]
[PlyCount "32"]
[EventDate "2015.??.??"]
[WhiteTeam "SK Marktoberdorf"]
[BlackTeam "SV Dicker Turm Esslingen"]

1. e4 c5 2. d4 cxd4 3. c3 Nf6 4. e5 Nd5 5. Nf3 e6 6. Bc4 d6 7. Bxd5 exd5 8.
Qxd4 Be6 9. O-O Nc6 10. Qa4 Be7 11. Be3 O-O 12. exd6 Bxd6 13. Nbd2 Qc7 14. Qh4
Ne5 15. Nxe5 Bxe5 16. Nf3 Bf6 1/2-1/2

[Event "ChessOrg Schachfestival  2015"]
[Site "Bad Wörishofen"]
[Date "2015.03.06"]
[Round "9.56"]
[White "Schmidt, Alfred"]
[Black "Koehl, Franz-Xaver"]
[Result "0-1"]
[WhiteElo "1764"]
[BlackElo "1957"]
[Annotator "chessorg"]
[PlyCount "45"]
[EventDate "2015.??.??"]
[WhiteTeam "SF Bad Grönenbach"]
[BlackTeam "Schachklub Germering e. V."]

1. e4 c5 2. f4 d6 3. Nf3 Nc6 4. c3 Nf6 5. d3 g6 6. Be2 Bg7 7. O-O O-O 8. Bd2
Rb8 9. Na3 b5 10. Nc2 a5 11. e5 dxe5 12. fxe5 Ng4 13. h3 Ngxe5 14. Nxe5 Nxe5
15. Bf4 Rb6 16. d4 cxd4 17. Nxd4 Nc4 18. b3 e5 19. Nxb5 Nd6 20. a4 exf4 21.
Rxf4 Nxb5 22. Bxb5 Bxc3 23. Qf3 0-1

[Event "ChessOrg Schachfestival  2015"]
[Site "Bad Wörishofen"]
[Date "2015.03.06"]
[Round "9.64"]
[White "Dahmen, Juergen"]
[Black "Kluegel, Jan"]
[Result "0-1"]
[WhiteElo "1749"]
[BlackElo "1917"]
[Annotator "chessorg"]
[PlyCount "70"]
[EventDate "2015.??.??"]
[WhiteTeam "SV Stuttgart-Wolfbusch 1956 e.V."]
[BlackTeam "SV VHS Rendsburg"]

1. c4 Nf6 2. Nc3 c6 3. Nf3 d5 4. cxd5 cxd5 5. d4 a6 6. e3 Bf5 7. Bd3 Bxd3 8.
Qxd3 e6 9. O-O Bd6 10. Bd2 Nbd7 11. Rfc1 O-O 12. Na4 Qe7 13. Rc2 b5 14. Nc3
Rfc8 15. Rac1 Nb6 16. Nb1 Rc4 17. b3 Rxc2 18. Rxc2 Rc8 19. Rxc8+ Nxc8 20. Qc2
Qc7 21. Qxc7 Bxc7 22. Bb4 Ne4 23. Nbd2 a5 24. Ba3 Nc3 25. Kf1 Nxa2 26. Nb1 f6
27. h3 Na7 28. Ke1 Nc6 29. Kd2 b4 30. Bb2 Na7 31. Kc2 Nb5 32. Ba1 Kf7 33. Kb2
Nac3 34. Nxc3 Nxc3 35. Kc2 Ne4 0-1

[Event "ChessOrg Schachfestival  2015"]
[Site "Bad Wörishofen"]
[Date "2015.03.06"]
[Round "9.70"]
[White "Astengo, Corrado"]
[Black "Engl, Heinz"]
[Result "1-0"]
[WhiteElo "2123"]
[BlackElo "2034"]
[Annotator "chessorg"]
[PlyCount "69"]
[EventDate "2015.??.??"]
[WhiteTeam "Mendrisio"]
[BlackTeam "Blinden SC Muenchen"]

1. e4 c5 2. Nf3 d6 3. d4 cxd4 4. Nxd4 Nf6 5. Nc3 g6 6. Be3 Bg7 7. f3 Nc6 8. Qd2
O-O 9. O-O-O d5 10. exd5 Nxd5 11. Nxc6 bxc6 12. Bd4 e5 13. Bc5 Be6 14. Ne4 Qc7
15. Bd6 Qb6 16. Bc5 Qc7 17. Bxf8 Rxf8 18. Bc4 Rb8 19. Bb3 a5 20. Nc5 Bc8 21. c4
Bf8 22. Ne4 Bb4 23. Qh6 Bf8 24. Qh4 Be7 25. Ng5 Bxg5+ 26. Qxg5 Nf4 27. Qd8+
Qxd8 28. Rxd8+ Kg7 29. Re1 Kf6 30. g3 Ne6 31. Rd6 Bb7 32. c5 Rd8 33. Red1 Ke7
34. Bxe6 Rxd6 35. cxd6+ 1-0

[Event "ChessOrg Schachfestival  2015"]
[Site "Bad Wörishofen"]
[Date "2015.03.06"]
[Round "9.72"]
[White "Riegler, Dieter"]
[Black "Wimmer, Thomas Bo"]
[Result "1-0"]
[WhiteElo "2083"]
[BlackElo "1885"]
[Annotator "chessorg"]
[PlyCount "49"]
[EventDate "2015.??.??"]
[WhiteTeam "SF Heidelberg"]
[BlackTeam "SK Marburg 1931/72"]

1. d4 Nf6 2. c4 g6 3. Nc3 Bg7 4. e4 d6 5. Nf3 O-O 6. h3 Na6 7. Be3 e5 8. d5 Nh5
9. g3 f5 10. exf5 gxf5 11. Ng5 Nf6 12. Be2 Qe8 13. Qd2 Nh5 14. O-O-O Qg6 15.
Bxh5 Qxh5 16. g4 Qg6 17. gxf5 Bxf5 18. Rdg1 Qh5 19. Ne6 Rf7 20. Rg5 Qf3 21.
Rhg1 Nc5 22. Bxc5 dxc5 23. Rxg7+ Rxg7 24. Rxg7+ Kh8 25. Rg3 1-0

[Event "ChessOrg Schachfestival  2015"]
[Site "Bad Wörishofen"]
[Date "2015.03.06"]
[Round "9.83"]
[White "Heni, Norbert"]
[Black "Auschkalnis, Reinhard"]
[Result "1-0"]
[WhiteElo "1848"]
[BlackElo "1829"]
[Annotator "chessorg"]
[PlyCount "55"]
[EventDate "2015.??.??"]
[WhiteTeam "SC Donaueschingen"]
[BlackTeam "Schachclub Bonn Beuel"]

1. c4 g6 2. g3 Bg7 3. Bg2 e5 4. e4 d6 5. Nc3 Nc6 6. Nge2 Be6 7. d3 Qd7 8. Nd5
a5 9. O-O Nge7 10. Bh6 O-O 11. f4 f5 12. Bxg7 Kxg7 13. Rc1 Bxd5 14. cxd5 Nb4
15. a3 Na6 16. Qc2 Rac8 17. Qc3 Kf6 18. fxe5+ dxe5 19. exf5 gxf5 20. d4 e4 21.
Bxe4 c6 22. dxc6 bxc6 23. d5+ Kf7 24. dxc6 Qe6 25. Qf3 Kg7 26. Nd4 Qxe4 27.
Nxf5+ Qxf5 28. Qc3+ 1-0